Spieler der Fußball-WM 2018 - Statistiken

Allgemein
  • Dieses Quiz wurde 54 mal gespielt
  • Das Durchschnittsergebnis liegt bei 7 aus 16
Antwortstatistiken
Bildquiz Hint Antwort % Korrekt
Deutschland Manuel Neuer
98%
Frankreich Benjamin Pavard
93%
Ägypten Mohamed Salah
93%
Belgien Axel Witsel
89%
Schweiz Breel Embolo
81%
Serbien Filip Kostić
69%
Polen Arkadiusz Milik
59%
Japan Makoto Hasebe
59%
Argentinien Marcos Rojo
41%
Brasilien Fernandinho
39%
Schweden Andreas Granqvist
15%
Panama Jaime Penedo
2%
Peru Pedro Gallese
2%
Marokko Munir Mohamedi
0%
Island Rúnar Alex Rúnarsson
0%
Kolumbien Wilmar Barrios
0%
Keine übereinstimmenden Quizze gefunden
Verteilung der Resultate
Anzahl Personen mit jedem Resultat
Perzentil nach korrekt beantworteten Fragen
Ihre Resultats-Entwicklung
Sie haben dieses Quiz noch nicht gespielt